Fr. Conceicao Rodrigues College of Engineering

Operational amplifiers : Design and applications (Record no. 31767)

MARC details
000 -LEADER
fixed length control field 00329nam a2200133Ia 4500
082 ## - DEWEY DECIMAL CLASSIFICATION NUMBER
Classification number 621.3815
Item number TOB
100 ## - MAIN ENTRY--PERSONAL NAME
Personal name Tobery - graeme-Huelsman
245 ## - TITLE STATEMENT
Title Operational amplifiers : Design and applications
260 ## - PUBLICATION, DISTRIBUTION, ETC.
Name of publisher, distributor, etc. McGraw Hill
Place of publication, distribution, etc. Auckland
Date of publication, distribution, etc. 1981
300 ## - PHYSICAL DESCRIPTION
Extent 1981
546 ## - LANGUAGE NOTE
Language note ENGLISH
654 ## - SUBJECT ADDED ENTRY--FACETED TOPICAL TERMS
Focus term operational
942 ## - ADDED ENTRY ELEMENTS (KOHA)
Koha item type BOOK
Holdings
Withdrawn status Lost status Damaged status Not for loan Collection Home library Current library Shelving location Date acquired Cost, normal purchase price Total Checkouts Full call number Barcode Date last seen Cost, replacement price Price effective from Koha item type
        CRC Fr. Agnel's C.Rodrigues College of Engineering Fr. Agnel's C.Rodrigues College of Engineering   17/03/2023 119.25   621.3815 TOB 2409 17/03/2023 119.25 17/03/2023 BOOK
        CRC Fr. Agnel's C.Rodrigues College of Engineering Fr. Agnel's C.Rodrigues College of Engineering   17/03/2023 119.25   621.3815 TOB 2410 17/03/2023 119.25 17/03/2023 BOOK